|
|
|
|
| LEADER |
01019nam a2200301 4500 |
| 001 |
000989248 |
| 003 |
CZ BrMZK |
| 005 |
20230913122858.0 |
| 008 |
010907s1999 au e 0 ger d |
| 040 |
|
|
|a BOA001
|b cze
|
| 045 |
|
|
|a x-x-
|
| 072 |
|
7 |
|a 72
|x Architektura
|2 Konspekt
|9 21
|
| 080 |
|
|
|a 72(436)
|2 MRF
|
| 080 |
|
|
|a 72.036/.038
|2 MRF
|
| 080 |
|
|
|a (048.8)
|2 MRF
|
| 100 |
1 |
|
|a Graf, Otto Antonia,
|d 1937-
|7 jx20090206001
|
| 245 |
1 |
0 |
|a Bauen in Europa :
|b Österreichische Architekten im Europa des 20. Jahrhunderts
|
| 260 |
|
|
|a Wien :
|b Springer,
|c 1999
|
| 300 |
|
|
|a 132 s.
|
| 541 |
|
|
|a 1.2.2001
|
| 650 |
0 |
7 |
|a rakouská architektura
|y 20. století
|7 ph125006
|2 czenas
|
| 650 |
0 |
7 |
|a moderní architektura
|7 ph115339
|2 czenas
|
| 655 |
|
7 |
|a přehledy
|7 fd133202
|2 czenas
|
| 700 |
1 |
|
|a Sarnitz, August,
|d 1956-
|7 xx0016972
|
| 910 |
|
|
|a BOA001
|b RK-0004.186
|
| 990 |
|
|
|a BK
|
| 991 |
|
|
|z 000036858
|x 33
|
| 996 |
7 |
|
|b 261A005045
|c RK-0004.186
|l Rakouská knihovna/2.patro
|r ZHR
|n 1
|p {1-A-04.186}
|h A
|w 000989248
|u 000010
|a 0
|e BOA001
|j MZK50
|s A
|